000 00391nam a2200133Ia 4500
008 211109s9999||||xx |||||||||||||| ||und||
082 _a540
_bHOP-L
100 _aHopkins, B S
245 0 _aLess Familiar Elements
260 _bStipes Publishing
_aIllinois
_c2000
630 _xGeneral Stack
650 _aNatural sciences & mathematics
_vChemistry & allied sciences
_xChemistry
942 _cBOOK
999 _c15496
_d15496